[Event "Kieler Open 2018-A"]
[Site "Kiel"]
[Date "2018.07.31"]
[Round "6.45"]
[White "Wenske, Hardy"]
[Black "Wu, Sitang"]
[Result "0-1"]
[WhiteElo "1725"]
[BlackElo "1403"]
[Annotator "PH"]
[PlyCount "94"]
[EventDate "2018.??.??"]

1. Nf3 Nf6 2. d4 e6 3. e3 b6 4. Bd3 Bb7 5. Nbd2 Be7 6. O-O O-O 7. e4 d6 8. Re1
Nbd7 9. e5 dxe5 10. dxe5 Nd5 11. Be4 Nc5 12. Qe2 Rb8 13. a3 Ba6 14. Qd1 Qd7 15.
Bxd5 exd5 16. Nf1 Rbd8 17. Bg5 Bxg5 18. Nxg5 Qf5 19. Nf3 Qd7 20. Ng3 Bc8 21.
Ng5 h6 22. Nf3 d4 23. Ne4 Nxe4 24. Rxe4 c5 25. Qe1 Rfe8 26. Rd1 Bb7 27. Rf4 f6
28. Rh4 Bxf3 29. gxf3 Rxe5 30. Re4 Rde8 31. Qf1 Rxe4 32. fxe4 Qg4+ 33. Kh1 Qf3+
34. Kg1 Rxe4 35. h3 Re5 36. Rd3 Qe2 37. Qd1 Rg5+ 38. Kh1 Qxf2 39. Rd2 Rg1+ 40.
Qxg1 Qxd2 41. Qg2 Qxg2+ 42. Kxg2 Kf7 43. Kf3 f5 44. b4 c4 45. b5 Ke6 46. h4 g5
47. hxg5 hxg5 0-1

[Event "Kieler Open 2018-A"]
[Site "Kiel"]
[Date "2018.07.31"]
[Round "6.46"]
[White "Hu, Yik Kwan"]
[Black "Hoppe, Marc"]
[Result "1-0"]
[WhiteElo "1504"]
[BlackElo "1723"]
[Annotator "PH"]
[PlyCount "45"]
[EventDate "2018.??.??"]

1. e4 c6 2. d4 d5 3. Nc3 dxe4 4. Nxe4 Nf6 5. Nxf6+ exf6 6. Nf3 Bf5 7. Bd3 Qd5
8. O-O Bd6 9. c4 Bxh2+ 10. Nxh2 Qd7 11. Bxf5 Qxf5 12. Re1+ Kd8 13. Qf3 Qa5 14.
Bf4 Nd7 15. Qe3 Kc8 16. Qe7 g5 17. Bd6 b5 18. b4 Qa6 19. Qxf7 Rd8 20. Re8 Kb7
21. Rxd8 Rxd8 22. Be7 Rc8 23. Bxf6 1-0

[Event "Kieler Open 2018-A"]
[Site "Kiel"]
[Date "2018.07.31"]
[Round "6.47"]
[White "Witt, Holger"]
[Black "Kunkel, Wolfgang"]
[Result "0-1"]
[WhiteElo "1579"]
[BlackElo "1681"]
[Annotator "PH"]
[PlyCount "60"]
[EventDate "2018.??.??"]

1. d4 d5 2. c4 e5 3. dxe5 d4 4. Nf3 Nc6 5. g3 f6 6. exf6 Nxf6 7. Bg2 Bc5 8. O-O
O-O 9. Bg5 Be6 10. Nbd2 Qe8 11. Bxf6 gxf6 12. b3 Rd8 13. a3 a5 14. Ne4 Ba7 15.
Qd2 Bf5 16. Nxf6+ Rxf6 17. Qg5+ Qg6 18. Qxg6+ Bxg6 19. Ng5 d3 20. exd3 Rxd3 21.
Bd5+ Kg7 22. b4 Rd2 23. Ne6+ Kh6 24. Nf4 Bd4 25. Rae1 axb4 26. axb4 Nxb4 27.
Bxb7 Nd3 28. Re6 Nxf4 29. Rxf6 Ne2+ 30. Kh1 Bxf6 0-1

[Event "Kieler Open 2018-A"]
[Site "Kiel"]
[Date "2018.08.01"]
[Round "7.1"]
[White "Zeng, Chongsheng"]
[Black "Wan, Yunguo"]
[Result "1/2-1/2"]
[WhiteElo "2532"]
[BlackElo "2514"]
[Annotator "PH"]
[PlyCount "20"]
[EventDate "2018.??.??"]

1. d4 Nf6 2. Bg5 d5 3. Nd2 e6 4. e4 dxe4 5. Nxe4 Nbd7 6. Nf3 h6 7. Nxf6+ Nxf6
8. Be3 Nd5 9. Bd2 c5 10. Bb5+ Bd7 1/2-1/2

[Event "Kieler Open 2018-A"]
[Site "Kiel"]
[Date "2018.08.01"]
[Round "7.2"]
[White "Krause, Benedict"]
[Black "Lanka, Zigurds"]
[Result "1/2-1/2"]
[WhiteElo "2445"]
[BlackElo "2414"]
[Annotator "PH"]
[PlyCount "56"]
[EventDate "2018.??.??"]

1. e4 c5 2. Nf3 e6 3. d4 cxd4 4. Nxd4 a6 5. Bd3 Bc5 6. Nb3 Ba7 7. O-O Nc6 8.
Qg4 Nf6 9. Qxg7 Rg8 10. Qh6 d6 11. Be3 Rg6 12. Qh4 Bxe3 13. fxe3 Ne5 14. N1d2
Nfg4 15. Qxd8+ Kxd8 16. h3 Nf6 17. Nf3 Nfd7 18. Nbd2 Ke7 19. Nxe5 Nxe5 20. Nf3
Bd7 21. Nxe5 dxe5 22. Be2 Bc6 23. Bf3 Rag8 24. Rf2 Rh6 25. Kh2 Rd8 26. a4 a5
27. Ra3 Rf6 28. Rc3 Bxe4 1/2-1/2

[Event "Kieler Open 2018-A"]
[Site "Kiel"]
[Date "2018.08.01"]
[Round "7.3"]
[White "Voloshin, Leonid"]
[Black "Pietzsch, Manuel"]
[Result "1-0"]
[WhiteElo "2383"]
[BlackElo "2185"]
[Annotator "PH"]
[PlyCount "57"]
[EventDate "2018.??.??"]

1. d4 Nf6 2. Nf3 e6 3. c4 Bb4+ 4. Bd2 Qe7 5. g3 Bxd2+ 6. Qxd2 Ne4 7. Qc2 Qb4+
8. Nbd2 Nxd2 9. Nxd2 Nc6 10. e3 b6 11. Bg2 Bb7 12. O-O Rb8 13. d5 Ne7 14. a3
Qa5 15. b4 Qa6 16. e4 O-O 17. Rfb1 Ba8 18. a4 Qc8 19. Qd3 c5 20. b5 f5 21. a5
fxe4 22. Bxe4 exd5 23. cxd5 c4 24. Nxc4 Qc5 25. Ne3 bxa5 26. Bxh7+ Kh8 27. Be4
Rb6 28. Qa3 Qd4 29. Qxe7 1-0

[Event "Kieler Open 2018-A"]
[Site "Kiel"]
[Date "2018.08.01"]
[Round "7.4"]
[White "Light, Bjarne"]
[Black "Rocha, Sergio"]
[Result "0-1"]
[WhiteElo "2177"]
[BlackElo "2373"]
[Annotator "PH"]
[PlyCount "100"]
[EventDate "2018.??.??"]

1. d4 Nf6 2. Nf3 g6 3. Bg5 Bg7 4. Nbd2 O-O 5. c3 d6 6. e4 a6 7. a4 b6 8. Bc4
Bb7 9. Qe2 h6 10. Bh4 Nh5 11. O-O Qe8 12. Rfe1 e5 13. dxe5 dxe5 14. Nf1 Nd7 15.
Qc2 Nc5 16. Bd5 c6 17. Ba2 b5 18. a5 Bc8 19. b4 Ne6 20. N3d2 Nhf4 21. Nb3 Qd7
22. f3 Re8 23. Red1 Qc7 24. Ne3 Bf8 25. Ng4 Bg7 26. Rac1 h5 27. Ne3 Qa7 28. Kh1
Bh6 29. Re1 Nh3 30. Qe2 Nhg5 31. Rcd1 Qe7 32. Qc2 Rb8 33. Nc1 Qa7 34. Bf2 Qc7
35. Nd3 Bg7 36. Bg3 Bf6 37. Nf1 Kg7 38. Nd2 Rh8 39. h4 Nh7 40. Nb3 g5 41. Qf2
Nf4 42. Nbc5 Ng6 43. hxg5 Bxg5 44. Rf1 h4 45. Bh2 Nf6 46. Qb2 Nh5 47. Kg1 Be3+
48. Nf2 Qe7 49. Ncd3 Qg5 50. Rfe1 Bh3 0-1

[Event "Kieler Open 2018-A"]
[Site "Kiel"]
[Date "2018.08.01"]
[Round "7.5"]
[White "Krause, Jonah"]
[Black "Kaulich, Philipp Theodor"]
[Result "1/2-1/2"]
[WhiteElo "2336"]
[BlackElo "2157"]
[Annotator "PH"]
[PlyCount "129"]
[EventDate "2018.??.??"]

1. d4 d6 2. Nf3 g6 3. c4 f5 4. g3 Nf6 5. Bg2 Bg7 6. O-O O-O 7. Nc3 e6 8. Qc2
Nc6 9. d5 Nb4 10. Qb3 Na6 11. dxe6 Nc5 12. Qc2 c6 13. b3 Nfe4 14. Bb2 Nxc3 15.
Bxc3 Bxc3 16. Qxc3 Bxe6 17. Rfd1 Qe7 18. e3 Rfd8 19. Nd4 Bf7 20. Rac1 Ne4 21.
Qc2 d5 22. cxd5 Rxd5 23. Ne2 {=} 23... Rad8 24. Rxd5 Rxd5 25. Rd1 Rxd1+ 26.
Qxd1 Qd6 27. Qc2 Nf6 28. Nf4 Kf8 29. h4 Ke7 30. Qb2 Ng4 31. Bf3 Ne5 32. Be2 h6
33. Qc3 b6 34. Nd3 Nxd3 35. Bxd3 Qf6 36. Qc2 Qa1+ 37. Kg2 Bd5+ 38. e4 fxe4 39.
Bxe4 Qe5 40. Bxd5 Qxd5+ 41. Kg1 Kf7 42. Qc1 g5 43. hxg5 hxg5 44. Qc2 Kf6 45.
Qh7 Qd1+ 46. Kg2 Qd5+ 47. Kg1 Qd1+ 48. Kg2 Qd5+ 49. f3 a5 50. Qc7 Qc5 51. Qd8+
Kf7 52. Qd3 Kf6 53. Qe4 b5 54. Qd3 a4 55. bxa4 bxa4 56. a3 Qb5 57. Qc3+ Kf7 58.
Qe3 Kf6 59. Qd4+ Kf7 60. Qd7+ Kf6 61. Qd2 Qc5 62. Qb2+ Kf7 63. Qb7+ Kf6 64.
Qb2+ Kf7 65. Qb7+ 1/2-1/2

[Event "Kieler Open 2018-A"]
[Site "Kiel"]
[Date "2018.08.01"]
[Round "7.6"]
[White "Petri, Alexander"]
[Black "Vatter, Hans-Joachim"]
[Result "0-1"]
[WhiteElo "2138"]
[BlackElo "2216"]
[Annotator "PH"]
[PlyCount "68"]
[EventDate "2018.??.??"]

1. d4 Nf6 2. Nf3 e6 3. Bg5 c5 4. e3 Qb6 5. Qc1 Ne4 6. Bf4 Nc6 7. c3 d5 8. Nbd2
f5 9. Nxe4 fxe4 10. Ne5 cxd4 11. exd4 Be7 12. Be2 O-O 13. O-O Bd6 14. Rb1 Qc7
15. f3 exf3 16. Bxf3 Nxe5 17. dxe5 Bxe5 18. Bxe5 Qxe5 19. Re1 Qf4 20. Qd1 Bd7
21. Qb3 Qc7 22. c4 dxc4 23. Qxb7 Rac8 24. Qe4 Rf6 25. Bg4 Rcf8 26. Rbd1 Bc8 27.
h3 h5 28. Be2 Bb7 29. Qh4 Rg6 30. Bf1 Rxf1+ 31. Kxf1 Bxg2+ 32. Kf2 Bd5 33. Rg1
Qh2+ 34. Ke3 Rxg1 0-1

[Event "Kieler Open 2018-A"]
[Site "Kiel"]
[Date "2018.08.01"]
[Round "7.7"]
[White "Du, Yuxin"]
[Black "Pluska, Alexander"]
[Result "0-1"]
[WhiteElo "2129"]
[BlackElo "2199"]
[Annotator "PH"]
[PlyCount "102"]
[EventDate "2018.??.??"]

1. e4 c5 2. Nf3 d6 3. d4 cxd4 4. Qxd4 Nc6 5. Bb5 Bd7 6. Bxc6 Bxc6 7. Nc3 Nf6 8.
Bg5 e6 9. O-O-O Be7 10. Qd3 Qa5 11. h4 h6 12. Bd2 Qa6 13. Qxa6 bxa6 14. Rhe1
Ng4 15. Re2 O-O 16. Nd4 Bd7 17. f3 Ne5 18. h5 Rfc8 19. b3 Rc5 20. Be1 Rac8 21.
Nb1 Rb8 22. c3 a5 23. Bf2 a4 24. Be3 Rc7 25. Rc2 a5 26. Rb2 Rcb7 27. Bf2 Bg5+
28. Kc2 Nc4 29. Nd2 Nxb2 30. Kxb2 axb3 31. axb3 e5 32. Nf5 Bxf5 33. exf5 Bxd2
34. Rxd2 Rxb3+ 35. Ka1 Kf8 36. c4 Rc3 37. c5 Ra3+ 38. Ra2 Rxa2+ 39. Kxa2 d5 40.
Ka3 Ke8 41. f6 gxf6 42. Be3 f5 43. Bxh6 f6 44. Bd2 Rb5 45. c6 Rc5 46. Kb3 Rxc6
47. Bxa5 Rc1 48. f4 Kf7 49. fxe5 fxe5 50. h6 Rh1 51. Bd2 f4 0-1

[Event "Kieler Open 2018-A"]
[Site "Kiel"]
[Date "2018.08.01"]
[Round "7.8"]
[White "Knudsen, Simon"]
[Black "Quante, Lennart"]
[Result "1-0"]
[WhiteElo "2197"]
[BlackElo "2083"]
[Annotator "PH"]
[PlyCount "133"]
[EventDate "2018.??.??"]

1. c4 Nf6 2. Nc3 d5 3. cxd5 Nxd5 4. g3 c5 5. Bg2 Nc7 6. Nf3 Nc6 7. d3 e5 8. O-O
Bd6 9. Be3 O-O 10. Ne4 Ne6 11. Nxd6 Qxd6 12. Nd2 Ned4 13. Rc1 Be6 14. Ne4 Qe7
15. Nxc5 Bxa2 16. Bxd4 Nxd4 17. e3 Ne6 18. Nxb7 Qb4 19. Qe1 Qxb2 20. Qc3 Qxc3
21. Rxc3 Nd8 22. Ra3 Be6 23. Nc5 Rc8 24. d4 exd4 25. exd4 Nc6 26. d5 Bxd5 27.
Bxd5 Ne7 28. Ne6 Nxd5 29. Nxf8 Rxf8 30. Rxa7 g6 31. Rd1 Nf6 32. Kg2 Kg7 33. h3
h5 34. Kf3 Rb8 35. Rd3 Rb4 36. Rda3 Ng8 37. R3a4 Rb3+ 38. Kg2 Nh6 39. Rd4 g5
40. Rc4 Rb5 41. Rca4 Kg6 42. R4a5 Rb2 43. Rc5 Nf5 44. Raa5 Ne3+ 45. Kf3 Nd1 46.
Rxg5+ Kf6 47. Rxh5 Rxf2+ 48. Ke4 Nc3+ 49. Ke3 Nd1+ 50. Kd3 Rh2 51. h4 Nf2+ 52.
Kd4 Nh1 53. Rhf5+ Kg6 54. Rg5+ Kf6 55. Ra6+ Ke7 56. Ke3 Rg2 57. Kf3 Rf2+ 58.
Kg4 Rb2 59. Re5+ Kf8 60. h5 Nf2+ 61. Kf5 Nd3 62. Kf6 Kg8 63. Rg5+ Kh7 64. g4
Nb4 65. Rd6 Rb1 66. Rg7+ Kh6 67. Kxf7# 1-0

[Event "Kieler Open 2018-A"]
[Site "Kiel"]
[Date "2018.08.01"]
[Round "7.9"]
[White "Arndt, Magnus"]
[Black "Beeck, Mats"]
[Result "1-0"]
[WhiteElo "2120"]
[BlackElo "2120"]
[Annotator "PH"]
[PlyCount "79"]
[EventDate "2018.??.??"]

1. e4 g6 2. d4 Bg7 3. Nc3 d6 4. Nf3 a6 5. Bf4 b5 6. a4 b4 7. Na2 Bb7 8. Bd3 c5
9. c3 cxd4 10. cxd4 a5 11. O-O Nf6 12. Re1 O-O 13. Nc1 Nbd7 14. Nb3 Qb6 15. Qe2
Rfc8 16. Nfd2 Qd8 17. Rec1 Rxc1+ 18. Rxc1 e5 19. Be3 d5 20. Nc5 Nxc5 21. dxc5
dxe4 22. Bb5 Rc8 23. Nc4 Bf8 24. Nb6 Rc7 25. c6 Bc8 26. Na8 Bg4 27. f3 exf3 28.
gxf3 Qxa8 29. fxg4 Nd5 30. Bf2 Qe8 31. Rd1 Nf4 32. Qf3 Bh6 33. Rd7 e4 34. Qb3
e3 35. Qxe3 Rc8 36. Qxe8+ Rxe8 37. c7 Bg5 38. Ba6 Nh3+ 39. Kf1 Nxf2 40. Kxf2
1-0

[Event "Kieler Open 2018-A"]
[Site "Kiel"]
[Date "2018.08.01"]
[Round "7.10"]
[White "Wanner, Lukas"]
[Black "Wichmann, Cliff"]
[Result "1-0"]
[WhiteElo "2025"]
[BlackElo "2305"]
[Annotator "PH"]
[PlyCount "113"]
[EventDate "2018.??.??"]

1. c4 e6 2. g3 d5 3. Bg2 Nf6 4. Nf3 Be7 5. O-O O-O 6. b3 d4 7. e3 c5 8. exd4
cxd4 9. Bb2 Nc6 10. Re1 Re8 11. Ne5 Nxe5 12. Rxe5 Bd6 13. Re1 e5 14. d3 Bg4 15.
Qc2 Qd7 16. a3 a5 17. Nd2 Rac8 18. Ne4 Nxe4 19. Bxe4 b5 20. a4 bxc4 21. bxc4
Bb4 22. Reb1 f5 23. Bg2 e4 24. Ba3 exd3 25. Qxd3 Be2 26. Bd5+ Qxd5 27. Qxe2 Qf7
28. Qd3 Bc3 29. Bb2 Rxc4 30. Bxc3 dxc3 31. Rb5 g6 32. Rxa5 Rcc8 33. Rd5 Re7 {=}
34. Rc1 Qf6 35. a5 Rc6 36. Kg2 Qe6 37. Rd8+ Kf7 38. Rxc3 Rxc3 39. Qxc3 Qe4+ 40.
Qf3 Qxf3+ 41. Kxf3 Ke6 42. Rd3 Ra7 43. Ra3 Ra6 44. Ke3 Ke5 45. f4+ Kd5 46. Kd3
Kc5 47. Kc3 Kb5 48. Kd4 Kb4 49. Ra1 Rd6+ 50. Ke5 Ra6 51. Kd5 Kb5 52. Rc1 Ka4
53. Kc5 Ra8 54. Ra1+ Kb3 55. a6 Kb2 56. Ra5 Kc2 57. a7 1-0

[Event "Kieler Open 2018-A"]
[Site "Kiel"]
[Date "2018.08.01"]
[Round "7.11"]
[White "Holtel, Jasper"]
[Black "Deutschbein, Christopher"]
[Result "1/2-1/2"]
[WhiteElo "2234"]
[BlackElo "1990"]
[Annotator "PH"]
[PlyCount "25"]
[EventDate "2018.??.??"]

1. e4 e5 2. Nf3 Nc6 3. Bc4 Bc5 4. O-O Nf6 5. d3 O-O 6. h3 d5 7. exd5 Nxd5 8.
Re1 Be6 9. c3 h6 10. Nbd2 Re8 11. Nxe5 Bxh3 12. Nxc6 Qh4 13. Rxe8+ 1/2-1/2

[Event "Kieler Open 2018-A"]
[Site "Kiel"]
[Date "2018.08.01"]
[Round "7.12"]
[White "Besenthal, Klaus-Günther"]
[Black "Schulze, Lara"]
[Result "1/2-1/2"]
[WhiteElo "2053"]
[BlackElo "2187"]
[Annotator "PH"]
[PlyCount "116"]
[EventDate "2018.??.??"]

1. d4 Nf6 2. Bf4 d5 3. e3 c5 4. c3 Nc6 5. Nd2 e6 6. Bd3 Bd6 7. Bxd6 Qxd6 8. f4
cxd4 9. cxd4 Bd7 10. a3 Ne7 11. Ngf3 Qb6 12. Qb3 Qxb3 13. Nxb3 Nf5 14. Ke2 Ke7
15. Ne5 Rhc8 16. Rac1 Nd6 17. Nc5 Be8 18. g4 Nfe4 19. Rhg1 a5 20. Nb3 f6 21.
Nf3 Nc4 22. Bxc4 dxc4 23. Nbd2 Nxd2 24. Nxd2 b5 25. e4 e5 26. fxe5 fxe5 27. d5
Kd6 28. a4 Rab8 29. axb5 Bxb5 30. Ke3 Ba6 31. Rc2 a4 32. Ra1 Rb4 33. Ra3 Rcb8
34. Ra2 Kc5 35. Nb1 Rb3+ 36. Nc3 Bc8 37. Rxa4 Bxg4 38. Ra6 Bd7 39. Ra7 Kd6 40.
Ra6+ Ke7 41. Ra2 g5 42. Kf2 Rf8+ 43. Kg2 h5 44. Rd2 h4 45. h3 Rf4 46. Ra7 Kd6
47. Ra6+ Kc7 48. Ra7+ Rb7 49. d6+ Kc8 50. Rxb7 Kxb7 51. Rd5 g4 52. hxg4 Rxg4+
53. Kh2 h3 54. Kxh3 Rxe4+ 55. Kg3 Rd4 56. Rxe5 Rxd6 57. Kf4 Rd2 58. Rd5 Rxd5
1/2-1/2

[Event "Kieler Open 2018-A"]
[Site "Kiel"]
[Date "2018.08.01"]
[Round "7.13"]
[White "Lorenzen, Jan-Hendrik"]
[Black "Easwaralingam, Adesh"]
[Result "1/2-1/2"]
[WhiteElo "2024"]
[BlackElo "2168"]
[Annotator "PH"]
[PlyCount "61"]
[EventDate "2018.??.??"]

1. e4 c5 2. g3 a6 3. Bg2 b5 4. a4 b4 5. Ne2 Bb7 6. O-O Nc6 7. b3 e6 8. Bb2 Nf6
9. d3 Be7 10. Nd2 O-O 11. h3 d5 12. e5 Nd7 13. f4 f6 14. Nf3 fxe5 15. fxe5 Bg5
16. h4 Be3+ 17. Kh2 Ne7 18. Bc1 Bxc1 19. Qxc1 Ng6 20. Nf4 Nxf4 21. gxf4 h6 22.
Bh3 Qe7 23. Kg3 d4 24. h5 Bxf3 25. Rxf3 Nb6 26. Qh1 Nd5 27. Re1 Ne3 28. Rexe3
dxe3 29. Rxe3 Rac8 30. Bg4 Qd7 31. Re4 1/2-1/2

[Event "Kieler Open 2018-A"]
[Site "Kiel"]
[Date "2018.08.01"]
[Round "7.14"]
[White "Poghosyan, Tigran"]
[Black "Isler, Benjamin"]
[Result "1-0"]
[WhiteElo "2146"]
[BlackElo "1885"]
[Annotator "PH"]
[PlyCount "45"]
[EventDate "2018.??.??"]

1. e4 e6 2. d4 d5 3. Nd2 c5 4. exd5 Qxd5 5. Ngf3 cxd4 6. Bc4 Qd6 7. O-O Nf6 8.
Nb3 Nc6 9. Nbxd4 Nxd4 10. Nxd4 a6 11. Re1 Qc7 12. Bf1 Bd6 13. g3 O-O 14. Bg5
Bc5 15. Bxf6 gxf6 16. Qg4+ Kh8 17. Rad1 e5 18. Nf5 Rg8 19. Qh4 Qb6 20. Rd6
Bxf2+ 21. Kg2 Rg5 22. Rxb6 Bxb6 23. Qh6 1-0

[Event "Kieler Open 2018-A"]
[Site "Kiel"]
[Date "2018.08.01"]
[Round "7.15"]
[White "Callsen, Niklas"]
[Black "Möller, Dustin"]
[Result "0-1"]
[WhiteElo "1705"]
[BlackElo "2140"]
[Annotator "PH"]
[PlyCount "82"]
[EventDate "2018.??.??"]

1. d4 d5 2. c4 e6 3. Nc3 Nf6 4. cxd5 exd5 5. Bg5 Be6 6. Qb3 Nbd7 7. e3 Bd6 8.
Nb5 Be7 9. Bf4 O-O 10. Nxc7 Ne4 11. Bd3 g5 12. Nf3 gxf4 13. Nxa8 Qa5+ 14. Ke2
fxe3 15. Nc7 Qxc7 16. Rac1 Qf4 17. fxe3 Qh6 18. Qxb7 Rb8 19. Rc8+ Rxc8 20.
Qxc8+ Nf8 21. Qc1 Bg4 22. Qe1 Bh4 23. Qa5 Bf2 24. Bxe4 Qxe3+ 25. Kf1 dxe4 26.
Qg5+ Qxg5 27. Nxg5 e3 28. Ne4 Bh4 29. g3 Bf3 30. gxh4 Bxh1 31. Nf6+ Kg7 32.
Ne8+ Kg6 33. Ke2 Bd5 34. h5+ Kg5 35. Kxe3 Ne6 36. h4+ Kxh4 37. Nf6 Bxa2 38.
Nxh7 Kxh5 39. d5 Nc5 40. Nf8 Bxd5 41. Kd4 Ne6+ 0-1

[Event "Kieler Open 2018-A"]
[Site "Kiel"]
[Date "2018.08.01"]
[Round "7.16"]
[White "Horn, Peter"]
[Black "Rieper, Julian"]
[Result "0-1"]
[WhiteElo "2112"]
[BlackElo "2048"]
[Annotator "PH"]
[PlyCount "46"]
[EventDate "2018.??.??"]

1. c4 e5 2. Nc3 g6 3. Nf3 Bg7 4. d4 exd4 5. Nxd4 Nc6 6. Nxc6 bxc6 7. g3 Ne7 8.
Bg2 O-O 9. O-O Rb8 10. Qd2 d6 11. b3 Bf5 12. Bb2 Qc8 13. Rfe1 Re8 14. Ne4 Bxb2
15. Qxb2 Bxe4 16. Bxe4 d5 17. Bd3 Qg4 18. Qe5 dxc4 19. Bxc4 Nd5 20. h3 Qxh3 21.
Qd4 Ne3 22. fxe3 Qxg3+ 23. Kf1 Re5 0-1

[Event "Kieler Open 2018-A"]
[Site "Kiel"]
[Date "2018.08.01"]
[Round "7.17"]
[White "Haffner, Alexander"]
[Black "Neuendorf, Max"]
[Result "1-0"]
[WhiteElo "2107"]
[BlackElo "1981"]
[Annotator "PH"]
[PlyCount "147"]
[EventDate "2018.??.??"]

1. d4 d5 2. Nf3 Nf6 3. c4 c6 4. Nc3 dxc4 5. a4 Bf5 6. e3 e6 7. Bxc4 Bb4 8. O-O
O-O 9. Qb3 Qb6 10. Bd2 Nbd7 11. Rfe1 a6 12. h3 h6 13. Rad1 Rac8 14. Ne5 Bxc3
15. Nxd7 Nxd7 16. Bxc3 Qxb3 17. Bxb3 Be4 18. f3 Bd5 19. Bc2 c5 20. e4 cxd4 21.
exd5 dxc3 22. dxe6 Nf6 23. exf7+ Kxf7 24. Bb3+ Kg6 25. bxc3 Rxc3 26. Ba2 Kh7
27. Bb1+ Kh8 28. Bg6 Rc4 29. Rb1 Rc7 30. Rb2 b5 31. axb5 Rb8 32. b6 Rcb7 33.
Rd1 Nd7 34. Be4 Rxb6 35. Rxb6 Nxb6 36. Ra1 Nd7 37. Ra5 Nf6 38. Bg6 Ra8 39. h4
Kg8 40. g4 Nd7 41. Bd3 Kf8 42. Kf2 Ke7 43. f4 Kd6 44. g5 Nc5 45. Be2 Rf8 46.
Kg3 hxg5 47. hxg5 Rf7 48. Kg4 Rf8 49. Bc4 g6 50. Ra1 Ke7 51. Re1+ Kd6 52. Rh1
Ne6 53. Rf1 a5 54. Bd3 Rg8 55. Ra1 Rf8 56. Rf1 Rg8 57. Re1 Rf8 58. Re4 Nc5 59.
Rd4+ Ke7 60. Bxg6 a4 61. Rc4 Rc8 62. f5 a3 63. f6+ Kf8 64. Bb1 Rb8 65. Ba2 Rb2
66. Rxc5 Rxa2 67. Kf5 Kf7 68. g6+ Ke8 69. Re5+ Kd7 70. Ra5 Rf2+ 71. Kg5 a2 72.
f7 Ke7 73. Ra7+ Ke6 74. Rxa2 1-0

[Event "Kieler Open 2018-A"]
[Site "Kiel"]
[Date "2018.08.01"]
[Round "7.18"]
[White "Kosanke, Stefan"]
[Black "Wunder, Niklas"]
[Result "1/2-1/2"]
[WhiteElo "1986"]
[BlackElo "2099"]
[Annotator "PH"]
[PlyCount "43"]
[EventDate "2018.??.??"]

1. d4 Nf6 2. Nf3 g6 3. c4 Bg7 4. Nc3 O-O 5. e4 d6 6. Be2 e5 7. Be3 Ng4 8. Bg5
f6 9. Bh4 g5 10. Bg3 Nh6 11. dxe5 dxe5 12. O-O c6 13. Qxd8 Rxd8 14. Rfd1 Rxd1+
15. Rxd1 Nf7 16. Ne1 Na6 17. f3 Bf8 18. Bf2 Bc5 19. Nc2 Kf8 20. a3 Be6 21. b4
Bxf2+ 22. Kxf2 1/2-1/2

[Event "Kieler Open 2018-A"]
[Site "Kiel"]
[Date "2018.08.01"]
[Round "7.19"]
[White "Begri, Felix"]
[Black "Svane, Henrik"]
[Result "1/2-1/2"]
[WhiteElo "1984"]
[BlackElo "2081"]
[Annotator "PH"]
[PlyCount "30"]
[EventDate "2018.??.??"]

1. d4 d5 2. c4 dxc4 3. e3 e6 4. Bxc4 Nf6 5. Nf3 c5 6. O-O a6 7. Bb3 b5 8. a4 b4
9. Nbd2 Be7 10. e4 Bb7 11. e5 Nfd7 12. Nc4 O-O 13. Nd6 Bxd6 14. exd6 cxd4 15.
Nxd4 Nc5 1/2-1/2

[Event "Kieler Open 2018-A"]
[Site "Kiel"]
[Date "2018.08.01"]
[Round "7.20"]
[White "Kleinschroth, Roland"]
[Black "Liu, Mide"]
[Result "1-0"]
[WhiteElo "2058"]
[BlackElo "1655"]
[Annotator "PH"]
[PlyCount "101"]
[EventDate "2018.??.??"]

1. f4 d5 2. Nf3 Nf6 3. g3 Bf5 4. Bg2 e6 5. d3 h6 6. O-O Be7 7. Qe1 O-O 8. Kh1
c6 9. Nh4 Bh7 10. e4 dxe4 11. dxe4 Nfd7 12. Nc3 Bb4 13. Bd2 a5 14. Rd1 Qc7 15.
g4 Nb6 16. f5 exf5 17. exf5 Qe7 18. Ne4 Bxd2 19. Rxd2 f6 20. Re2 N8d7 21. Ng5
Qb4 22. c3 Qd6 23. Ne6 Rfe8 24. Rd2 Qe7 25. Qd1 Ne5 26. h3 Nbc4 27. Re2 Rac8
28. b3 Nd6 29. Qd4 Ndf7 30. Rd2 Nd8 31. Nf4 Ndf7 32. Qb6 Ra8 33. Ne6 Ra6 34.
Qd4 Raa8 35. Rfd1 Kh8 36. Qb6 Ra6 37. Qc7 Raa8 38. Rd7 Nxd7 39. Rxd7 Qxd7 40.
Qxd7 Kg8 41. Qxb7 a4 42. bxa4 Rab8 43. Qd7 c5 44. Bd5 Rb1+ 45. Kh2 Rb2+ 46. Kg3
Reb8 47. Nd8 Kh8 48. Nxf7+ Kg8 49. Nd8+ Kh8 50. Qe8+ Bg8 51. Qxg8# 1-0

[Event "Kieler Open 2018-A"]
[Site "Kiel"]
[Date "2018.08.01"]
[Round "7.21"]
[White "Hoffmann, Joachim"]
[Black "Haag, Martin"]
[Result "0-1"]
[WhiteElo "1911"]
[BlackElo "2229"]
[Annotator "PH"]
[PlyCount "62"]
[EventDate "2018.??.??"]

1. e4 d6 2. d4 Nf6 3. Nc3 e5 4. Nf3 exd4 5. Nxd4 Be7 6. g3 O-O 7. Bg2 Re8 8.
O-O Bf8 9. h3 c6 10. Be3 Nbd7 11. Nde2 b5 12. Nxb5 cxb5 13. e5 Nxe5 14. Bxa8
Bxh3 15. Bg2 Bxg2 16. Kxg2 Qa8+ 17. Kh3 Qc8+ 18. Kg2 Qa8+ 19. Kh3 Nfg4 20. Qd4
Nxe3 21. fxe3 Re6 22. e4 Qc8 23. Kg2 Qxc2 24. Rf2 Nd3 25. Nf4 Nxf2 26. Nxe6
Nxe4+ 27. Kg1 fxe6 28. Rf1 d5 29. b4 Qc7 30. Rf3 Bd6 31. Qe3 Bxb4 0-1

[Event "Kieler Open 2018-A"]
[Site "Kiel"]
[Date "2018.08.01"]
[Round "7.22"]
[White "Pedersen, Lars Wilton"]
[Black "Karlisch, Moritz"]
[Result "0-1"]
[WhiteElo "2053"]
[BlackElo "1839"]
[Annotator "PH"]
[PlyCount "68"]
[EventDate "2018.??.??"]

1. d4 d5 2. Nf3 Nf6 3. c4 c6 4. Nc3 dxc4 5. a4 Bf5 6. e3 e6 7. Bxc4 Nbd7 8. O-O
Bb4 9. h3 Qc7 10. Nh4 Bg6 11. Nxg6 hxg6 12. Bd2 O-O 13. Bb3 Rfd8 14. Rc1 Rac8
15. Qc2 Qb6 16. Ba2 c5 17. Rfd1 cxd4 18. exd4 Qxd4 19. Be3 Qe5 20. Qb3 Bc5 21.
Rd3 Qb8 22. Bg5 Be7 23. Rf3 Ne5 24. Rg3 Nc6 25. Be3 Bd6 26. Ne2 Bxg3 27. fxg3
Nd5 28. Bf2 Na5 29. Rxc8 Qxc8 30. Qf3 Qc2 31. Bxd5 Rxd5 32. Bd4 Qd1+ 33. Kh2
Rxd4 34. Nxd4 Qxd4 0-1

[Event "Kieler Open 2018-A"]
[Site "Kiel"]
[Date "2018.08.01"]
[Round "7.23"]
[White "Bernhardt, Gerd"]
[Black "Lubenow, Olaf"]
[Result "1/2-1/2"]
[WhiteElo "2033"]
[BlackElo "1794"]
[Annotator "PH"]
[PlyCount "133"]
[EventDate "2018.??.??"]

1. e4 e6 2. d4 Ne7 3. Bd3 b6 4. Nf3 Ng6 5. O-O Be7 6. c4 d6 7. Nc3 Nd7 8. b3 c5
9. Bb2 Bb7 10. Ne2 O-O 11. Ng3 Bh4 12. Re1 Bxg3 13. hxg3 e5 14. dxe5 dxe5 {=}
15. Qc2 Qe7 16. Rad1 Nb8 17. Nd2 Nc6 18. Nb1 Nb4 19. Qe2 Nxa2 20. Bxe5 Nc1 21.
Rxc1 Nxe5 22. Nc3 Nc6 23. Nd5 Qd8 24. Rc3 Qg5 25. Bb1 Nd4 26. Qd3 Bxd5 27. cxd5
g6 28. b4 cxb4 29. Rc4 Nb5 30. Rxb4 Nd6 31. f4 Qd8 32. e5 a5 33. Rb2 Nb7 34.
Ba2 Nc5 35. Qd4 Rb8 36. d6 Qd7 37. Reb1 Qa4 38. Qd5 Qa3 39. Kh2 Qe3 40. Qf3
Qxf3 41. gxf3 Na4 42. Rc2 Nc5 43. g4 Nd3 44. Rc7 Nb4 45. Bb3 Na6 46. Re7 Rbe8
47. Ba4 Rb8 48. Bb5 Nc5 49. Rd1 a4 50. d7 a3 51. Re8 Rd8 52. Ra1 Nxd7 53. Rxd8
Rxd8 54. Rxa3 Nc5 55. Kg3 Rb8 56. f5 Kf8 57. fxg6 hxg6 58. Re3 Ra8 59. f4 Ra5
60. Bc6 b5 61. Bd5 b4 62. f5 Ra3 63. Rxa3 bxa3 64. fxg6 fxg6 65. Kh4 Nd3 66. e6
Nb4 67. Bb3 1/2-1/2

[Event "Kieler Open 2018-A"]
[Site "Kiel"]
[Date "2018.08.01"]
[Round "7.24"]
[White "Teichert, Felix"]
[Black "Linke, Michael"]
[Result "1-0"]
[WhiteElo "1981"]
[BlackElo "1792"]
[Annotator "PH"]
[PlyCount "27"]
[EventDate "2018.??.??"]

1. e4 e6 2. d4 d5 3. exd5 exd5 4. Qf3 c6 5. Bd3 Nf6 6. h3 Be7 7. Ne2 Nbd7 8. g4
O-O 9. Nbc3 c5 10. g5 Ne4 11. Nxd5 Nxg5 12. Qe3 Ne6 13. Nxe7+ Qxe7 14. d5 1-0

[Event "Kieler Open 2018-A"]
[Site "Kiel"]
[Date "2018.08.01"]
[Round "7.25"]
[White "Papesch, Dennis"]
[Black "Berenstein, Alexander"]
[Result "1/2-1/2"]
[WhiteElo "1850"]
[BlackElo "1975"]
[Annotator "PH"]
[PlyCount "115"]
[EventDate "2018.??.??"]

1. c4 g6 2. g3 Bg7 3. Bg2 e6 4. Nc3 Ne7 5. Nf3 d5 6. d4 dxc4 7. Qa4+ Bd7 8.
Qxc4 Bc6 9. O-O Nd7 10. e4 a6 11. Rd1 b5 12. Qe2 Bb7 13. Bg5 h6 14. Bf4 g5 15.
Bc1 O-O 16. d5 e5 17. d6 cxd6 18. Rxd6 Qc7 19. Rd1 Nb6 20. Be3 b4 21. Bxb6 Qxb6
22. Nd5 Nxd5 23. exd5 Qd6 24. Rac1 f5 25. Nd2 a5 26. Nc4 Qf6 27. d6 e4 28. Nb6
Ba6 29. Qe3 Rad8 30. Qc5 Bd3 31. Qxa5 Rxd6 32. Nc4 Bxc4 33. Rxd6 Qxd6 34. Rxc4
Bxb2 35. Qxb4 Qxb4 36. Rxb4 Ba3 37. Rb5 Kg7 38. g4 fxg4 39. Bxe4 Rf4 40. Bb7
Bb4 41. Kg2 Be1 42. f3 gxf3+ 43. Bxf3 g4 44. Bd5 h5 45. Rb1 Bh4 46. Rf1 Rd4 47.
Bb3 Rd2+ 48. Kh1 Rb2 49. Rc1 Bf6 50. Rc2 Rb1+ 51. Kg2 Kh6 52. h3 gxh3+ 53. Kxh3
h4 54. Re2 Kg5 55. Rg2+ Kf4 56. Rf2+ Ke5 57. Rf5+ Kxf5 58. Bc2+ 1/2-1/2